Rostros, diablos y animales máscaras en las fiestas centroamericanas = Faces, devils and animals
Uloženo v:
| Hlavní autor: | |
|---|---|
| Další autoři: | , |
| Médium: | Neznámo |
| Jazyk: | Spanish |
| Vydáno: |
San José, Costa Rica
Fundación Museos del Banco Central / Asociación Cultural inCorpore
[2005]
|
| Témata: | |
| Tagy: |
Přidat tag
Žádné tagy, Buďte první, kdo vytvoří štítek k tomuto záznamu!
|
MARC
| LEADER | 000000000a22000000004500 | ||
|---|---|---|---|
| 001 | 001912 | ||
| 003 | CIICLA | ||
| 005 | 20140129165422.0 | ||
| 007 | ta | ||
| 008 | 140129q2005 cr a|c|f |||| 00| 0 spa d | ||
| 020 | |a 9968947695 | ||
| 040 | |c cru CIICLA Universidad de Costa Rica | ||
| 041 | 0 | |a español e inglés | |
| 092 | 0 | |a 398 S684r | |
| 100 | 1 | |a Solano Laclé, Vania | |
| 245 | 1 | 0 | |a Rostros, diablos y animales |b máscaras en las fiestas centroamericanas = Faces, devils and animals |b masks in the Central America festivities |c Vania Solano Laclé, Johnny Cartín Quesada, Alexandro Tosatti Franza, |
| 260 | |a San José, Costa Rica |b Fundación Museos del Banco Central / Asociación Cultural inCorpore |c [2005] | ||
| 300 | |a 208 páginas |b fotografías, retratos |g 29 x 29 centímetros | ||
| 500 | |a número de inscripción 06229 | ||
| 650 | 4 | |a FIESTAS POPULARES | |
| 650 | 4 | |a CULTURA POPULAR | |
| 650 | 4 | |a FOLCLOR | |
| 650 | 4 | |a MASCARAS | |
| 651 | 4 | |a AMERICA CENTRAL | |
| 700 | 1 | 2 | |a Cartín Quesada, Johnny |
| 700 | 1 | 2 | |a Tosatti Franza, Alexandro |
| 942 | |2 ddc |c BK | ||
| 999 | |c 2800 |d 2800 | ||



